<?xml version="1.0" encoding="UTF-8"?>
<record
    xmlns:xsi="http://www.w3.org/2001/XMLSchema-instance"
    xsi:schemaLocation="http://www.loc.gov/MARC21/slim http://www.loc.gov/standards/marcxml/schema/MARC21slim.xsd"
    xmlns="http://www.loc.gov/MARC21/slim">

  <leader>00465    a2200157   4500</leader>
  <controlfield tag="003">OSt</controlfield>
  <controlfield tag="005">20231124145459.0</controlfield>
  <controlfield tag="008">231124b        |||||||| |||| 00| 0 eng d</controlfield>
  <datafield tag="020" ind1=" " ind2=" ">
    <subfield code="a">9789355644466</subfield>
  </datafield>
  <datafield tag="040" ind1=" " ind2=" ">
    <subfield code="c">oclc</subfield>
  </datafield>
  <datafield tag="082" ind1=" " ind2=" ">
    <subfield code="a">540</subfield>
    <subfield code="b">DIS/J</subfield>
  </datafield>
  <datafield tag="245" ind1=" " ind2=" ">
    <subfield code="a">144 JEE Main Chemistry Chapterwise Topicwise previous years Solved papers /</subfield>
  </datafield>
  <datafield tag="250" ind1=" " ind2=" ">
    <subfield code="a">7th ed.</subfield>
  </datafield>
  <datafield tag="260" ind1=" " ind2=" ">
    <subfield code="b">Disha publications,</subfield>
    <subfield code="c">2023.</subfield>
  </datafield>
  <datafield tag="942" ind1=" " ind2=" ">
    <subfield code="2">ddc</subfield>
    <subfield code="c">BK</subfield>
    <subfield code="h">540</subfield>
    <subfield code="i">DIS/J</subfield>
    <subfield code="k">540</subfield>
    <subfield code="m">DIS/J</subfield>
  </datafield>
  <datafield tag="952" ind1=" " ind2=" ">
    <subfield code="0">0</subfield>
    <subfield code="1">0</subfield>
    <subfield code="2">ddc</subfield>
    <subfield code="4">0</subfield>
    <subfield code="7">0</subfield>
    <subfield code="8">ENTRANCE</subfield>
    <subfield code="a">MES</subfield>
    <subfield code="b">MES</subfield>
    <subfield code="c">CAREER CORNER</subfield>
    <subfield code="d">2023-11-24</subfield>
    <subfield code="l">0</subfield>
    <subfield code="o">540 DIS/J</subfield>
    <subfield code="p">43760</subfield>
    <subfield code="r">2023-11-24 14:55:48</subfield>
    <subfield code="t">2</subfield>
    <subfield code="v">850.00</subfield>
    <subfield code="w">2023-11-24</subfield>
    <subfield code="y">BK</subfield>
    <subfield code="z">U8R2</subfield>
  </datafield>
  <datafield tag="952" ind1=" " ind2=" ">
    <subfield code="0">0</subfield>
    <subfield code="1">0</subfield>
    <subfield code="2">ddc</subfield>
    <subfield code="4">0</subfield>
    <subfield code="7">0</subfield>
    <subfield code="8">ENTRANCE</subfield>
    <subfield code="a">MES</subfield>
    <subfield code="b">MES</subfield>
    <subfield code="c">CAREER CORNER</subfield>
    <subfield code="d">2023-11-24</subfield>
    <subfield code="l">0</subfield>
    <subfield code="o">540 DIS/J</subfield>
    <subfield code="p">43759</subfield>
    <subfield code="r">2023-11-24 14:55:48</subfield>
    <subfield code="t">1</subfield>
    <subfield code="v">850.00</subfield>
    <subfield code="w">2023-11-24</subfield>
    <subfield code="y">BK</subfield>
    <subfield code="z">U8R2</subfield>
  </datafield>
  <datafield tag="999" ind1=" " ind2=" ">
    <subfield code="c">41897</subfield>
    <subfield code="d">41897</subfield>
  </datafield>
</record>
